LIBRARY & INFORMATION CENTRE, KCAET, TAVANUR

ONLINE PUBLIC ACCESS CATALOGUE (OPAC)

Extraction of Non-ferrous metals / (Record no. 1263)

MARC details
000 -LEADER
fixed length control field 00380cam a2200145ua 4500
041 ## - LANGUAGE CODE
Language code of text/sound track or separate title eng
082 ## - DEWEY DECIMAL CLASSIFICATION NUMBER
Classification number 669.7
Item number ROB/EX
100 ## - MAIN ENTRY--AUTHOR NAME
Personal name Robert, E.R .
245 ## - TITLE STATEMENT
Title Extraction of Non-ferrous metals /
260 ## - PUBLICATION, DISTRIBUTION, ETC. (IMPRINT)
Place of publication London :
Name of publisher Temple press ltd Bowling Green lane ,
Year of publication 1950.
300 ## - PHYSICAL DESCRIPTION
Number of Pages 181 ; .
942 ## - ADDED ENTRY ELEMENTS (KOHA)
Koha item type Books
Holdings
Withdrawn status Lost status Damaged status Home library Current library Date acquired Full call number Accession Number Koha item type
      KAUAET KAUAET 07/04/2012 669.7 ROB/EX 3575 A Books
free website counter